Simultaneous switching noise analysis on advanced electronic packages /
Saved in:
| Main Author: | |
|---|---|
| Format: | Thesis Book |
| Language: | English |
| Published: |
1999.
|
| Subjects: | |
| Tags: |
Add Tag
No Tags, Be the first to tag this record!
|
| LEADER | 00824cam a2200241 a 4500 | ||
|---|---|---|---|
| 001 | u476876 | ||
| 003 | SIRSI | ||
| 008 | 010220s1999 si v 00 1 eng m | ||
| 035 | |a ACO-1385 | ||
| 040 | |a UMM | ||
| 090 | |a TK7 |b NUS 1999 Jin | ||
| 100 | 1 | 0 | |a Jin, Zhang |
| 245 | 1 | 0 | |a Simultaneous switching noise analysis on advanced electronic packages / |c by Jin Zhang. |
| 260 | |c 1999. | ||
| 300 | |a 83 leaves : |b ill. ; |c 30 cm. | ||
| 502 | |a Dissertation (M.Eng.) -- National University of Singapore, 1999. | ||
| 504 | |a Bibliography: leaves [77]-83. | ||
| 650 | 0 | |a Electronic circuits |x Noise |x Computer simulation. | |
| 650 | 0 | |a Electric circuit analysis. | |
| 900 | |a NHS | ||
| 948 | |a 21/02/2001 |b 07/11/2002 | ||
| 596 | |a 1 | ||
| 999 | |a TK7 NUS 1999 JIN |w LC |c 1 |i A510138317 |l B_KOM4 |m P01UTAMA |r Y |s Y |t TESIS |u 18/11/2002 |o .PUBLIC. bkom 4 : 45751 | ||
